LEADER 02109nam0 22004333i 450 001 BVEE054056 005 20170908093227.0 012 $acao- heri lai- uama (3) 1665 (R)$2fei 100 $a20170201d1665 ||||0itac50 ba 101 | $aita$clat 102 $ait 181 1$6z01$ai $bxxxe 182 1$6z01$an 200 1 $a˜Q. Cvrtio œDe' fatti d'Alessandro Magno re de' Macedoni. Tradotto per M. Tomaso Porcacchi, con alcune annotationi, dichiarationi, & auuertimenti, con vna lettera d'Alessandro ad Aristotile del sito dell'India, aggiuntaui vna tauola copiosissima delle cose notabili 210 $aIn Venetia$cpresso Gio. Pietro Brigonci$d1665 215 $a\108!, 622 \i.e. 624! p.$d8º 300 $aMarca non controllata (Veduta di Venezia : Venetia) sul front 300 $aSegn.: a-d12 e6 A-2C12 300 $aRipetute nella numerazione le p. 575-576 300 $aFront. e testo in cornice xil. 316 $a1 v. - Mutilo del frontespizio ed alcume pagine$5IT-SA0113, SALA A 10.4 17 500 10$aHistoria Alexandri Magni$3BVEE009609$9RAVV040588$919693 620 $dVenezia$3SBLL003553 700 1$aCurtius Rufus$b, Quintus$3RAVV040588$4070$0168773 702 1$aPorcacchi$b, Tommaso$3LO1V130054 712 02$aBrigonci, Giovanni Pietro$3MILV166594$4650 790 1$aPorcacchi$b, Thomaso$3VEAV060940$zPorcacchi, Tommaso 790 1$aCurzio Rufo$b, Q.$3CFIV183960$zCurtius Rufus, Quintus 790 1$aCurzio Rufo$b, Quinto$3RAVV040589$zCurtius Rufus, Quintus 790 1$aCurce$b, Quinte$3RAVV062818$zCurtius Rufus, Quintus 791 02$aOfficina Brigoncia$3SBNV003372$zBrigonci, Giovanni Pietro 801 3$aIT$bIT-NA0079$c20170201 850 $aIT-SA0113 912 $aBVEE054056 921 $aSBNM000001$bMarca non controllata$cS2 950 0$aBiblioteca S. Bonaventura da Bagnoregio$c1 v.$d 15SALA A 10.4 17$e 15 0000034715 M 1 v. - Mutilo del frontespizio ed alcume pagine$fZ $h20170201$i20170201 977 $a 15 996 $aHistoriae Alexandri Magni$919693 997 $aUNISANNIO LEADER 01039nam0 22002651i 450 001 RML0234853 005 20231121125701.0 100 $a20121121d1996 ||||0itac50 ba 101 | $aita 102 $ait 181 1$6z01$ai $bxxxe 182 1$6z01$an 200 1 $a˜Il œfunzionario delegato$eCompiti e responsabilità alla lucedelle vigenti disposizioni in materia di contabilità di Stato$fLuigi Papiano 205 $a5a edizione 210 $aBologna $cEditrice Pragma $d1996 215 $axii,561 p.$ctab.$d24 cm. 700 1$aPAPIANO$b, Luigi$3RMLV149600$033374 801 3$aIT$bIT-01$c20121121 850 $aIT-FR0098 899 $aBiblioteca Area Giuridico Economica$bFR0098 912 $aRML0234853 950 0$aBiblioteca Area Giuridico Economica$d 53IMP 28 25$e 53VM 0000032895 VMB A4 barcode:ECO003890. - Inventario:3290. - Fondo:Sala consultazioneVM$fA $h19961001$i20121204 977 $a 53 996 $aFunzionario delegato$9269931 997 $aUNICAS